00708nam a22001937a 450000500170000001000150001702000260003203500140005803700130007208200120008510000330009724500800013026000430021027000580025330000200031194200260033199900190035795201380037620231108161217.0 aENG-138352 c695.00a9789383277421 aEN-121884 bDBAD/PUB a954.920 aKulshreshtha, Abhiram958427 a50 Famous Wars/Battles in Indian history/cby Abhiram kulshreshthahEnglish c2022bMatrix PublishersaKashmere Gate aAtmaram Building,1376,Ground FloorbNew Delhie110006 a168p.c22cm(hb) 2ddccENmKULh954.920 c199035d199035 001040718NFICaDBADbDBADd2023-11-08eDBAD/PUBg695.00l0oKUL 954.920pEN-121884r2023-11-08 00:00:00t1v695.00w2023-11-08yEN